[Event "NIV-Colomiers2/Rodez"]
[Site "Colomiers"]
[Date "2009.12.13"]
[Round "4.1"]
[White "Barral, Adrien"]
[Black "Tanguy, Fabien"]
[Result "1/2-1/2"]
[WhiteElo "1814"]
[BlackElo "2008"]
[PlyCount "106"]

1. e4 Nf6 2. e5 Nd5 3. c4 Nb6 4. d4 d6 5.
exd6 exd6 6. Nf3 Nc6 7. h3 Bf5 8. Bd3 Qe7+ 9. Be3 Bg6 10. Nc3 Nb4 11. Bb1 O-O-O
12. Qe2 Bxb1 13. Rxb1 Qe6 14. d5 Qg6 15. Nh4 Qd3 16. Qxd3 Nxd3+ 17. Kd2 Ne5 18.
b3 g6 19. f4 Ned7 20. Nf3 Bh6 21. Ng5 Bxg5 22. fxg5 Rde8 23. Bd4 Ne5 24. Rbe1
Nbd7 25. Ne4 Re7 26. Re2 h6 27. gxh6 Rxh6 28. Rhe1 Rh4 29. c5 dxc5 30. Bxe5
Rxe5 31. g3 Rh8 32. Ng5 Rxe2+ 33. Rxe2 Nf6 34. h4 Nxd5 35. Nxf7 Rf8 36. Ne5 Rf6
37. Kd3 b5 38. a3 Rd6 39. Kc2 a5 40. Nd3 Rc6 41. Re5 Rd6 42. Nxc5 c6 43. Re6
Rxe6 44. Nxe6 Ne7 45. Kd3 Kd7 46. Nf4 Kd6 47. h5 gxh5 48. Nxh5 Ke5 49. Nf4 c5
50. a4 c4+ 51. bxc4 bxa4 52. Kc3 Ke4 53. Kb2 Kd4 1/2-1/2

[Event "NIV-Colomiers2/Rodez"]
[Site "Colomiers"]
[Date "2009.12.13"]
[Round "4.2"]
[White "Forest, Eric"]
[Black "Durbize, Parick"]
[Result "0-1"]
[WhiteElo "1808"]
[BlackElo "1870"]
[PlyCount "144"]

1. e4 b6 2. d4 Bb7 3. f3 e6 4. Be3 Nf6 5.
Ne2 Be7 6. Nd2 d6 7. c4 O-O 8. Qc2 Nbd7 9. Nc3 c5 10. d5 exd5 11. cxd5 a6 12.
Be2 Ne5 13. O-O-O b5 14. g4 c4 15. Kb1 Rc8 16. g5 Ne8 17. f4 Nd7 18. Nf3 Nc5
19. Rhg1 Qa5 20. Bxc5 Rxc5 21. Nd4 Bd8 22. h4 Bb6 23. Rg3 Rc7 24. Nf3 Bc8 25.
h5 Bd7 26. a3 b4 27. axb4 Qxb4 28. f5 Bf2 29. Rg2 Be3 30. Rh1 a5 31. Bd1 a4 32.
Na2 Qb6 33. Qc3 Bf4 34. Rh4 Qe3 35. Re2 Qd3+ 36. Qxd3 cxd3 37. Rg2 Be3 38. Ne1
d2 39. Nc2 Bc5 40. Rxd2 Rb7 41. Be2 Nc7 42. Rh3 Rfb8 43. Na3 Rb3 44. Rxb3 Rxb3
45. Nc1 Rg3 46. g6 fxg6 47. hxg6 hxg6 48. Rd3 Rxd3 49. Bxd3 gxf5 50. exf5 Nxd5
51. Bc4 Bc6 52. Nd3 Kf8 53. Nxc5 dxc5 54. Nc2 Nb4 55. Ne3 Be4+ 56. Ka1 Nc2+ 57.
Nxc2 Bxc2 58. Be6 Ke7 59. Ka2 g5 60. Bc8 Kf6 61. Ka3 Bxf5 62. Bb7 Bc2 63. Bc6
g4 64. Bd5 g3 65. Ka2 Ke5 66. Bg2 Kd4 67. Ka3 Ke3 68. Bf1 Kf2 69. Bh3 Bf5 70.
Bxf5 g2 71. Kxa4 g1=Q 72. Be6 Qd1+ 0-1

[Event "NIV-Colomiers2/Rodez"]
[Site "Colomiers"]
[Date "2009.12.13"]
[Round "4.3"]
[White "Artis, François"]
[Black "Besset, Thierry"]
[Result "1-0"]
[WhiteElo "1780"]
[BlackElo "1830"]
[PlyCount "69"]

1. e4 e5 2. Nc3 Bc5 3. Nf3 d6 4. Na4 Bb6
5. Nxb6 axb6 6. d4 exd4 7. Qxd4 Qf6 8. Bg5 Qxd4 9. Nxd4 Nc6 10. Nb5 Kd7 11. c3
f6 12. Be3 Nge7 13. Be2 h5 14. O-O g5 15. h3 Na7 16. Nd4 Ke8 17. f4 g4 18. hxg4
Bxg4 19. Bxg4 hxg4 20. Kf2 Kd7 21. Rh1 Nac6 22. a3 Nxd4 23. Bxd4 Rxh1 24. Rxh1
f5 25. Rh7 Rf8 26. exf5 Rxf5 27. Kg3 Ke6 28. Kxg4 Rf8 29. g3 c5 30. Bf2 d5 31.
b4 Rg8+ 32. Kf3 Nf5 33. g4 Nd6 34. f5+ Kf6 35. Bh4+ 1-0

[Event "NIV-Colomiers2/Rodez"]
[Site "Colomiers"]
[Date "2009.12.13"]
[Round "4.4"]
[White "Nenert, Louis"]
[Black "Ruault, Vincent"]
[Result "1-0"]
[WhiteElo "1760"]
[BlackElo "1710"]
[PlyCount "79"]

1. e4 e6 2. d3 d5 3. Nd2 Nf6 4. Ngf3 c5
5. g3 h5 6. Bg2 Nc6 7. O-O Ng4 8. h3 h4 9. Nxh4 Be7 10. Ng6 fxg6 11. Qxg4 Kf7
12. f4 Bf6 13. e5 Be7 14. c3 Rh6 15. Nf3 Rh5 16. Ng5+ Bxg5 17. fxg5+ Ke7 18.
Qf4 Qe8 19. Bd2 Bd7 20. Rf2 Rh8 21. Qg4 Nxe5 22. Qe2 Nc6 23. h4 Kd8 24. Raf1
Ne7 25. Bh3 Nf5 26. Bf4 b6 27. Qe5 Rc8 28. Bxf5 exf5 29. Qxg7 Rg8 30. Qf6+ Qe7
31. Re2 Qxf6 32. gxf6 Rc6 33. Bg5 Rf8 34. Rfe1 Rcxf6 35. Bxf6+ Rxf6 36. d4 cxd4
37. cxd4 Rf7 38. Re5 f4 39. Kf2 Kc7 40. Rxd5 1-0

[Event "NIV-Colomiers2/Rodez"]
[Site "Colomiers"]
[Date "2009.12.13"]
[Round "4.5"]
[White "Ruault, Nicolas"]
[Black "Martinez, Loîc"]
[Result "0-1"]
[WhiteElo "1760"]
[BlackElo "1722"]
[PlyCount "62"]

1. Nf3 b6 2. g3 Bb7 3. Bg2 Nf6 4. O-O e6
5. d4 d5 6. b3 Nbd7 7. Bb2 Ne4 8. Re1 Bb4 9. c3 Bd6 10. c4 Bb4 11. Nbd2 Nxd2
12. Nxd2 Qg5 13. f4 Qg6 14. a3 Bxd2 15. Qxd2 Nf6 16. Rac1 O-O 17. cxd5 Bxd5 18.
Bxd5 exd5 19. Rxc7 Ne4 20. Qd3 h5 21. Rec1 h4 22. R1c6 Qf5 23. Kg2 g6 24. Bc1
Kg7 25. Qf3 Nf6 26. Re7 Rac8 27. Re5 h3+ 28. Kf1 Rxc6 29. Rxf5 Rxc1+ 30. Kf2
Ne4+ 31. Ke3 Rc3# 0-1

[Event "NIV-Colomiers2/Rodez"]
[Site "Colomiers"]
[Date "2009.12.13"]
[Round "4.6"]
[White "De Biasi, Robert"]
[Black "Nassar, Christophe"]
[Result "1-0"]
[WhiteElo "1764"]
[BlackElo "173"]
[PlyCount "69"]

1. c4 Nf6 2. Nc3 g6 3. g3 Bg7 4. Bg2 d6
5. e3 O-O 6. Nge2 Nc6 7. d4 e5 8. d5 Ne7 9. O-O Nd7 10. e4 f5 11. f4 Nb6 12. b3
fxe4 13. Bxe4 Bg4 14. Qc2 Bxe2 15. Qxe2 exf4 16. Bb2 fxg3 17. Rxf8+ Qxf8 18.
hxg3 a6 19. Rf1 Qc8 20. Kg2 Qd7 21. Nd1 Bh6 22. Ne3 Bxe3 23. Qxe3 Nf5 24. Bxf5
gxf5 25. Qd4 Rf8 26. Qh8+ Kf7 27. Qf6+ Kg8 28. Qh8+ Kf7 29. Qxh7+ Ke8 30. Re1+
Kd8 31. Bf6+ Kc8 32. Re7 Qd8 33. Rf7 Rxf7 34. Qxf7 Qd7 35. Qf8+ 1-0

[Event "NIV-Colomiers2/Rodez"]
[Site "Colomiers"]
[Date "2009.12.13"]
[Round "4.7"]
[White "Barrera, Charles"]
[Black "Cremers, Bertrand"]
[Result "1-0"]
[WhiteElo "1730"]
[BlackElo "1660"]
[PlyCount "139"]

1. d4 Nf6 2. Nf3 g6 3. g3 Bg7 4. c4 O-O
5. Bg2 d6 6. Nc3 Nbd7 7. O-O c5 8. d5 a6 9. Qc2 Rb8 10. a4 Nb6 11. Nd2 Bd7 12.
e4 Ng4 13. b3 Bd4 14. Nf3 Bg7 15. Bb2 Ne5 16. Nxe5 Bxe5 17. Ne2 f6 18. f4 Bxb2
19. Qxb2 e5 20. dxe6 Bxe6 21. Nc3 Qd7 22. Rad1 Nc8 23. Nd5 Bxd5 24. Rxd5 Ne7
25. Rd3 Nc6 26. Rfd1 Nd4 27. Re3 Rfe8 28. Rde1 b5 29. axb5 axb5 30. e5 fxe5 31.
Bd5+ Kf8 32. fxe5 dxe5 33. Qf2+ Qf5 34. Qg2 Kg7 35. Rf1 Qg5 36. Rf7+ Kh8 37.
Qf2 Nf5 38. Re4 Qc1+ 39. Re1 Qg5 40. Qxc5 bxc4 41. bxc4 h5 42. Qa7 Qh6 43. Qa1
Nd4 44. Qa7 Rbd8 45. Ref1 Nf5 46. Qb6 Qe3+ 47. Qxe3 Nxe3 48. R1f6 Nxd5 49. cxd5
Rxd5 50. Rxg6 e4 51. Rff6 Rde5 52. Kf2 e3+ 53. Ke2 Rd5 54. Rd6 Rde5 55. Rgf6
Ra5 56. Ra6 Rxa6 57. Rxa6 Kg7 58. Ra3 Kf6 59. Rxe3 Rxe3+ 60. Kxe3 Kg5 61. Kf3
Kf5 62. h3 Kg5 63. Ke4 h4 64. g4 Kg6 65. Kf4 Kf6 66. Ke4 Kg5 67. Ke5 Kg6 68.
Kf4 Kh6 69. Kf5 Kg7 70. Kg5 1-0

[Event "NIV-Colomiers2/Rodez"]
[Site "Colomiers"]
[Date "2009.12.13"]
[Round "4.8"]
[White "Cuq, Christian"]
[Black "Caray, Jérôme"]
[Result "1/2-1/2"]
[WhiteElo "1458"]
[BlackElo "1499"]
[PlyCount "107"]

1. e4 c5 2. a3 Nc6 3. Nf3 e6 4. Be2 Nf6
5. d3 Be7 6. O-O O-O 7. c3 b6 8. Bf4 Bb7 9. Nbd2 d6 10. h3 b5 11. Re1 a5 12.
Bf1 Qd7 13. Bh2 Ba6 14. Rc1 Rfb8 15. e5 Ne8 16. Ne4 dxe5 17. Nxe5 Nxe5 18. Bxe5
f6 19. Bxb8 Rxb8 20. Qe2 Bb7 21. Ng3 Nc7 22. Rcd1 Bd6 23. Ne4 Bf8 24. d4 c4 25.
Nc5 Bxc5 26. dxc5 Bd5 27. Rd2 Qc6 28. Qe3 Na6 29. Rxd5 Qxd5 30. g3 e5 31. c6
Qxc6 32. Rd1 Qc7 33. Rd5 b4 34. Bg2 bxa3 35. bxa3 Rd8 36. Qd2 Rxd5 37. Qxd5+
Kf8 38. Be4 g6 39. Qe6 Nc5 40. Qxf6+ Qf7 41. Qxe5 Nxe4 42. Qxe4 Qc7 43. Qe6 Qc5
44. Qf6+ Kg8 45. a4 Qd5 46. Kh2 Qd7 47. h4 Qxa4 48. h5 gxh5 49. Qg5+ Kh8 50.
Qf6+ Kg8 51. Qg5+ Kf8 52. Qh6+ Ke7 53. Qxh7+ Kd6 54. Qg6+ 1/2-1/2

[Event "NIV-Colomiers2/Rodez"]
[Site "Colomiers"]
[Date "2009.12.13"]
[Round "4.1"]
[White "Barral, Adrien"]
[Black "Tanguy, Fabien"]
[Result "1/2-1/2"]
[WhiteElo "1814"]
[BlackElo "2008"]
[Annotator "Rybka 3 32-bit  (30s)"]
[PlyCount "106"]

1. e4 Nf6 2. e5 Nd5 3. c4 Nb6 4. d4 d6 5. exd6 exd6 6. Nf3 Nc6 (6...
Bg4 7. h3 Bh5 8. Be2 Nc6 9. d5 Bxf3 10. Bxf3 Ne5 11. Be2 Qh4 12. O-O g5 13. Qc2
Rg8 14. Nd2 g4 15. hxg4 Nxg4 16. Qe4+ Be7 17. Nf3 Qh5 18. Bf4 f5 19. Qc2 O-O-O
20. Rfe1 Nd7 21. Nh2 {Kashdan,I (2672)-Euwe,M (2644)/Hastings 1931/EXT 99/1-0})
(6... Be7 7. Be2 O-O 8. O-O c6 9. Nc3 Re8 10. Be3 Bg4 11. b3 Bf6 12. Rc1 d5 13.
c5 Nc8 14. h3 Bxf3 15. Bxf3 Nd7 16. b4 Ne7 17. Qd3 g6 18. g4 Nf8 19. Bg2 Bg7
20. f4 f5 21. g5 {Lie,K (2210)-Madsen,D (2292)/NOR 1998/EXT 99/1-0 (48)}) 7. h3
Bf5 8. Bd3 $146 {NOTEXT: Fd3xf5} (8. Be2 Be7 9. O-O O-O 10. Nc3 Bf6 11. Bf4 Re8
12. Rc1 h6 13. d5 Ne5 14. Nd4 Bh7 15. b3 Nbd7 16. Bh2 Nc5 17. Bxe5 dxe5 18. Nc2
e4 19. Ne3 Nd3 20. Bxd3 exd3 21. Qd2 c6 22. Rce1 Bd4 {
Kuznecov,A (2350)-Shovel,K (2425)/Oakham 1986/MCL/0-1 (33)}) 8... Qe7+ 9. Be3
Bg6 (9... Bxd3 10. Qxd3 d5 11. c5 $14) 10. Nc3 Nb4 (10... O-O-O 11. O-O $16)
11. Bb1 (11. Bxg6 $5 hxg6 12. Qb3 Nc6 $18) 11... O-O-O 12. Qe2 (12. b3 Qd7 $16)
12... Bxb1 (12... f5 13. a3 Nc6 14. d5 $14) 13. Rxb1 {NOTEXT. NOTEXT: f8} ({
Inferior is} 13. Nxb1 d5 14. a3 Nc6 $11) 13... Qe6 (13... g6 14. O-O $16) 14.
d5 (14. a3 Na6 15. d5 Qd7 $16) 14... Qg6 (14... Qf5 15. Bxb6 axb6 $16) 15. Nh4
(15. Bxb6 $5 axb6 16. O-O $16) 15... Qd3 16. Qxd3 Nxd3+ 17. Kd2 {NOTEXT: Rd2xd3
} (17. Ke2 Nc5 18. b3 Re8 $14) 17... Ne5 (17... Nxb2 $5 {
has some apparent merit} 18. Rxb2 Nxc4+ 19. Kc2 Nxb2 20. Kxb2 g6 $11) 18. b3
$14 {Covers a4+c4} g6 {NOTEXT} 19. f4 {NOTEXT: f4xe5} Ned7 20. Nf3 Bh6 21. Ng5
Bxg5 22. fxg5 {NOTEXT: g2+g5. NOTEXT: f7} Rde8 (22... Ne5 23. Ne4 $16) 23. Bd4
Ne5 24. Rbe1 (24. Nb5 Kd7 $16) 24... Nbd7 25. Ne4 {White intends c5} ({
Instead of} 25. Bxa7 b6 $11) 25... Re7 (25... h6 26. c5 (26. Bxa7 $143 b6 $17)
26... hxg5 27. cxd6 $16) 26. Re2 (26. Rhf1 $16) 26... h6 (26... b6 27. Nf6 $16)
27. gxh6 (27. c5 $142 {White has the better game} hxg5 28. cxd6 cxd6 29. Bxa7
$18) 27... Rxh6 $14 {NOTEXT} 28. Rhe1 ({Less advisable is} 28. Bxa7 b6 29. Nc3
Kb7 $15) 28... Rh4 29. c5 (29. Kc3 $5 $14) 29... dxc5 $11 30. Bxe5 (30. Bf2
$142 $5 {is worth consideration} Rf4 31. Bg3 $11) 30... Rxe5 $17 ({Worse is} 
30... Nxe5 31. Kc3 $14) 31. g3 $2 (31. Ng5 f6 $17) 31... Rh8 $4 {
there were better ways to keep up the pressure} (31... Rxh3 $142 {
makes sure everything is clear} 32. Ng5 Rxg3 33. Rxe5 Nxe5 34. Rxe5 f6 $19) 32.
Ng5 $17 Rxe2+ 33. Rxe2 Nf6 (33... Nb6 34. d6 cxd6 35. Re7 $15) 34. h4 $15 Nxd5
35. Nxf7 Rf8 {NOTEXT: Tf8xf7} 36. Ne5 (36. Rf2 Re8 $15) 36... Rf6 $15 37. Kd3
b5 38. a3 {Controls b4} Rd6 39. Kc2 (39. Re1 $15) 39... a5 (39... Re6 $142 $5
$17) 40. Nd3 $11 Rc6 (40... c4 41. bxc4 bxc4 42. Nc5 $11) 41. Re5 $14 {
NOTEXT: Te5xd5} Rd6 42. Nxc5 c6 43. Re6 (43. Ne4 Ne3+ 44. Kb2 Rd4 $16) 43...
Rxe6 (43... Kc7 44. Kd2 $14) 44. Nxe6 $14 {NOTEXT} Ne7 (44... Ne3+ 45. Kd3 Nf5
46. Ke4 Nxg3+ 47. Kf4 Ne2+ 48. Kg5 $14) 45. Kd3 (45. g4 $5 $16) 45... Kd7 $14 {
NOTEXT: Rd7xe6} 46. Nf4 Kd6 47. h5 (47. Ke4 $142 $5 $16) 47... gxh5 $11 48.
Nxh5 {NOTEXT: g3.} Ke5 49. Nf4 c5 50. a4 c4+ 51. bxc4 bxa4 {
NOTEXT: c4. NOTEXT: a4} 52. Kc3 Ke4 53. Kb2 Kd4 1/2-1/2

[Event "NIV-Colomiers2/Rodez"]
[Site "Colomiers"]
[Date "2009.12.13"]
[Round "4.2"]
[White "Forest, Eric"]
[Black "Durbize, Parick"]
[Result "0-1"]
[WhiteElo "1808"]
[BlackElo "1870"]
[Annotator "Rybka 3 32-bit  (30s)"]
[PlyCount "144"]

1. e4 b6 2. d4 Bb7 3. f3 (3. Bd3 e6 4. Nf3 c5 5. c3 Nf6 6. Qe2 Be7 7.
O-O d6 8. Bf4 Nh5 9. Be3 Nf6 10. Nbd2 Nc6 11. h3 O-O 12. a3 Re8 13. Rfd1 cxd4
14. cxd4 a6 15. Rac1 b5 16. Bg5 Nh5 17. Bxe7 Nxe7 {
Macieja,B (2498)-Markowski,T (2518)/Polanica Zdroj 1998/CBM 67 noVC/1-0 (42)})
3... e6 4. Be3 Nf6 5. Ne2 $146 (5. c4 c5 6. d5 Bd6 7. Nc3 Be5 8. Bd3 exd5 9.
cxd5 O-O 10. Nge2 Re8 11. Qd2 a6 12. a4 d6 13. O-O Nbd7 14. Nd1 Rc8 15. Rc1 Nf8
16. f4 Bd4 17. Bxd4 cxd4 18. Nf2 N8d7 19. b4 a5 {
Filipenko,A (2530)-Kramnik,V (2569)/Sochi 1989/CBM 16/0-1 (40)}) 5... Be7 6.
Nd2 (6. Nf4 O-O $11) 6... d6 (6... c5 7. c3 $11) 7. c4 O-O 8. Qc2 (8. Nc3 e5
$11) 8... Nbd7 (8... Nfd7 9. g3 $11) 9. Nc3 (9. g4 c5 $11) 9... c5 (9... e5 10.
d5 $11) 10. d5 exd5 (10... Nh5 11. O-O-O $11) 11. cxd5 a6 {
Prevents intrusion on b5} 12. Be2 {NOTEXT} Ne5 13. O-O-O (13. f4 Ng6 $11) 13...
b5 (13... Ng6 14. Rhg1 $11) 14. g4 (14. f4 Ng6 $11) 14... c4 {Black gains space
} (14... Qc8 15. Kb1 $11) 15. Kb1 (15. g5 Nfd7 16. f4 Nd3+ 17. Bxd3 cxd3 18.
Qxd3 Rc8 $16) 15... Rc8 (15... Bc8 $5 $11 {is interesting}) 16. g5 $14 {
NOTEXT: g5xf6} Ne8 17. f4 Nd7 18. Nf3 (18. h4 Nc7 $16) 18... Nc5 19. Rhg1 {
NOTEXT} Qa5 20. Bxc5 (20. a3 Bd8 $14) 20... Rxc5 $14 21. Nd4 Bd8 22. h4 Bb6 23.
Rg3 Rc7 (23... Ba7 $142 $14) 24. Nf3 $4 {
hands over the advantage to the opponent} (24. Nc6 $142 $5 Rxc6 25. dxc6 Bxc6
26. h5 $16) 24... Bc8 (24... b4 25. Na4 Bf2 26. Rg2 $15) 25. h5 (25. Nd4 Bxd4
26. Rxd4 Qb6 $11) 25... Bd7 (25... b4 $5 {should be examined more closely} 26.
Nd2 Bf2 $15) 26. a3 b4 (26... Bf2 $5 27. Rg2 Be3 $11) 27. axb4 $14 Qxb4 {NOTEXT
} 28. f5 {NOTEXT: e4} (28. Nd4 Bxd4 29. Rxd4 Rc5 $14) 28... Bf2 {NOTEXT: Ff2xg3
} (28... Be3 29. h6 $14) 29. Rg2 Be3 30. Rh1 (30. Nd4 Rc5 $14) 30... a5 $14 31.
Bd1 (31. f6 gxf6 32. gxf6+ Kh8 $11) 31... a4 32. Na2 {NOTEXT: Ca2xb4} Qb6 33.
Qc3 Bf4 {NOTEXT: e8} (33... Rb7 $5 $11) 34. Rh4 $14 {NOTEXT: Th4xf4} Qe3 {
NOTEXT: De3xe4} 35. Re2 (35. Rgg4 $142 $5 {looks like a viable alternative}
Qxc3 36. Nxc3 $14 (36. bxc3 $143 Be3 $17)) 35... Qd3+ $11 36. Qxd3 cxd3 37. Rg2
{NOTEXT: e8} Be3 38. Ne1 $2 (38. h6 g6 $15) 38... d2 $4 {
NOTEXT: d2xe1D. Black has let it slip away} (38... h6 $142 39. gxh6 d2 40. h7+
Kxh7 $19) 39. Nc2 $11 {NOTEXT: Cc2xe3} Bc5 40. Rxd2 Rb7 41. Be2 (41. Nc1 Bb6
$14) 41... Nc7 $11 42. Rh3 (42. Nd4 Rb6 43. Bc4 Rfb8 $11) 42... Rfb8 $15 {
NOTEXT} 43. Na3 $2 {The knight blocks a4} (43. Ne3 Rb3 44. Bd3 Bd4 $15) 43...
Rb3 $4 {allows the opponent back into the game} (43... Re8 $142 $19 {
and the scales tip in favour of Black}) 44. Rxb3 $11 Rxb3 45. Nc1 {
NOTEXT: Cc1xb3} (45. Nc4 Rg3 $11) 45... Rg3 (45... Re3 46. Bd3 $15) 46. g6 fxg6
47. hxg6 hxg6 48. Rd3 $2 (48. fxg6 $142 {and White has air to breath} Rxg6 49.
Nd3 $15) 48... Rxd3 $19 49. Bxd3 (49. Nxd3 Bxa3 50. fxg6 Bc5 51. Nxc5 dxc5 $19)
49... gxf5 50. exf5 Nxd5 51. Bc4 (51. Ne2 Nb4 52. Bb5 Bxf5+ 53. Kc1 Nd3+ 54.
Kc2 Nf2+ 55. Kd2 Bb4+ 56. Kc1 Nd3+ 57. Bxd3 Bxd3 $19) 51... Bc6 (51... Bxf5+
$142 $5 52. Nc2 Be6 $19) 52. Nd3 $17 Kf8 53. Nxc5 dxc5 54. Nc2 $2 (54. Bb5 Bxb5
55. Nxb5 Ke7 $17) 54... Nb4 (54... Ke7 $142 $5 $19) 55. Ne3 Be4+ (55... Ke7
$142 $17) 56. Ka1 $4 {another bit of territory lost} (56. Kc1 $142 $17) 56...
Nc2+ $19 57. Nxc2 Bxc2 58. Be6 Ke7 59. Ka2 (59. Bc8 {does not improve anything}
Kf6 $19) 59... g5 60. Bc8 Kf6 61. Ka3 Bxf5 (61... g4 $142 {
finishes off the opponent} 62. Bb7 $19) 62. Bb7 Bc2 63. Bc6 (63. Bf3 {
cannot change what is in store for ?} Kf5 $19) 63... g4 64. Bd5 (64. Ka2 {
does not save the day} g3 65. Bb7 Ke5 $19) 64... g3 65. Ka2 (65. Bg2 {
is not much help} Ke5 $19) 65... Ke5 (65... Bb3+ 66. Bxb3 axb3+ 67. Kxb3 g2 $19
) 66. Bg2 Kd4 67. Ka3 Ke3 68. Bf1 (68. Ka2 {doesn't improve anything} Be4 69.
Bh3 Kf2 $19) 68... Kf2 69. Bh3 Bf5 $1 {better than holding on to the material}
70. Bxf5 g2 71. Kxa4 g1=Q 72. Be6 (72. Kb5 {
a fruitless try to alter the course of the game} Ke3 73. Be6 Kd4 $19) 72...
Qd1+ (72... Qd1+ 73. Kb5 Qd6 $19) 0-1

[Event "NIV-Colomiers2/Rodez"]
[Site "Colomiers"]
[Date "2009.12.13"]
[Round "4.3"]
[White "Artis, François"]
[Black "Besset, Thierry"]
[Result "1-0"]
[WhiteElo "1780"]
[BlackElo "1830"]
[Annotator "Rybka 3 32-bit  (30s)"]
[PlyCount "69"]

1. e4 e5 2. Nc3 Bc5 3. Nf3 d6 4. Na4 Bb6 5. Nxb6 axb6 6. d4 exd4 7.
Qxd4 Qf6 8. Bg5 Qxd4 9. Nxd4 Nc6 $146 (9... Bd7 10. Bc4 Ne7 11. O-O Ng6 12. a3
O-O 13. Rad1 Nc6 14. Nxc6 bxc6 15. Bd2 Ra4 16. Bd3 Ne5 17. Bc3 f6 18. f3 Re8
19. Rf2 Bc8 20. Bf1 Ba6 21. Bxa6 Rxa6 22. Bxe5 fxe5 23. Rd3 b5 24. Rfd2 {
Kan,I (2654)-Capablanca,J (2767)/Moscow 1936/CBM 63/0-1 (57)}) (9... Na6 10.
O-O-O f6 11. Bf4 Ne7 12. Bc4 Bd7 13. a3 Ng6 14. Bg3 Ne5 15. Bd5 O-O-O 16. b4
Rde8 17. Rhe1 c5 18. bxc5 dxc5 19. Nf3 Bg4 20. Nxe5 fxe5 21. f3 Bd7 22. Bxb7+
Kxb7 23. Rxd7+ Kc6 24. Red1 {Perlis,J (2489)-Berger,J (2560)/Wien 1907/HCL/1-0}
c4 25. a4 Re6 26. Rxg7 Nc5 27. Ra7 h5 28. Rd5 Rg8 29. Bxe5 {
1-0 Perlis,J (2489)-Berger,J (2560)/Wien 1907/HCL}) (9... h6 10. Nb5 Na6 11.
Bd2 $14) 10. Nb5 $16 Kd7 11. c3 (11. a3 h6 12. Bh4 Nf6 $16) 11... f6 {
NOTEXT: f6xg5} 12. Be3 Nge7 13. Be2 h5 (13... f5 14. f3 $14) 14. O-O g5 (14...
Na7 15. Nd4 $16) 15. h3 (15. f4 gxf4 16. Rxf4 f5 $16) 15... Na7 (15... Kd8 16.
Rfd1 Ng6 17. a4 $14) 16. Nd4 (16. Bd4 Rf8 $16) 16... Ke8 {
Black prepares the advance g4} (16... c5 17. Nc2 $16) 17. f4 g4 18. hxg4 Bxg4
19. Bxg4 (19. Bc4 $5 $16) 19... hxg4 $11 20. Kf2 Kd7 21. Rh1 Nac6 (21... c5 22.
Ne2 $11) 22. a3 {Consolidates b4} (22. Rxh8 Rxh8 23. Kg3 d5 24. exd5 Nxd5 $14)
22... Nxd4 (22... d5 $5 23. exd5 Nxd4 24. Bxd4 Nxd5 $11) 23. Bxd4 $14 ({
Weaker is} 23. cxd4 d5 24. e5 Nf5 $15) 23... Rxh1 (23... Ke6 $5 $14 {
is noteworthy}) 24. Rxh1 $16 f5 (24... Rf8 $142 $5 25. Kg3 c5 $16) 25. Rh7 $18
Rf8 26. exf5 Rxf5 27. Kg3 Ke6 28. Kxg4 Rf8 29. g3 (29. Kf3 {
keeps an even firmer grip} Ng6 30. Be3 c5 $18) 29... c5 30. Bf2 d5 $2 (30...
Nc6 31. Rxb7 Ne5+ 32. fxe5 Rxf2 33. Rxb6 Kxe5 34. a4 $18) 31. b4 (31. Rh6+ {
makes it even easier for White} Rf6 32. Rxf6+ Kxf6 $18) 31... Rg8+ $2 (31... d4
$142 32. cxd4 c4 $18) 32. Kf3 Nf5 (32... Ra8 {no good, but what else?} 33. Rh6+
Kd7 34. Rxb6 Kc7 35. bxc5 Rxa3 $18) 33. g4 Nd6 34. f5+ Kf6 (34... Nxf5 {
the last chance for counterplay} 35. gxf5+ Kxf5 36. Rf7+ Ke5 37. Bg3+ Ke6 38.
Rxb7 d4 39. Rxb6+ Kd5 $18) 35. Bh4+ (35. Bh4+ Rg5 36. Kf4 $18) 1-0